[Event "GER-chT9 KI-32 Br03 email"]
[Site "GER email"]
[Date "2011.10.17"]
[Round "?"]
[White "Littke, Helmut"]
[Black "Moller, Christian Anker"]
[Result "1-0"]
[WhiteElo "2053"]
[BlackElo "1955"]
[PlyCount "97"]
[EventDate "2011.10.23"]
[EventType "tourn (corr)"]
[EventRounds "6"]
[EventCountry "GER"]
[SourceTitle "Corr 2015"]
[Source "ChessBase"]
[SourceDate "2015.07.17"]
[SourceVersion "1"]
[SourceVersionDate "2015.07.17"]
[SourceQuality "1"]

1. c4 e5 2. Nc3 Nf6 3. g3 d5 4. cxd5 Nxd5 5. Bg2 Nb6 6. Nf3 Nc6 7. 0-0 Be7 8. d3 0-0 9. Be3 Re8 10. Rc1 Bf8 11. Ne4 Nd4 12. Bg5 f6 13. Bd2 c6 14. b4 Bg4 15. Nxd4 exd4 16. Re1 Nd7 17. a4 Kh8 18. Qc2 Rc8 19. h3 Bh5 20. Qb2 f5 21. Nc5 b6 22. Nxd7 Qxd7 23. b5 cxb5 24. axb5 Rxc1 25. Bxc1 Qd6 26. Bc6 Rc8 27. Bf4 Qf6 28. Bf3 g5 29. Bd2 Bxf3 30. exf3 f4 31. g4 Qd6 32. Kg2 Qd5 33. Bb4 Bg7 34. Re7 Ra8 35. Qe2 h6 36. Re6 Kh7 37. Rd6 Qe5 38. Qa2 Rc8 39. Qf7 Qe8 40. Qf5+ Kh8 41. Re6 Qg8 42. Be7 Re8 43. h4 gxh4 44. Rxh6+ Bxh6 45. Bf6+ Bg7 46. Qh5+ Qh7 47. Qxe8+ Qg8 48. Bxg7+ Kxg7 49. Qxg8+ 1-0

[Event "GER-chT9 KI-32 Br03 email"]
[Site "GER email"]
[Date "2011.10.17"]
[Round "?"]
[White "Moller, Christian Anker"]
[Black "Opitz, Peter"]
[Result "1/2-1/2"]
[WhiteElo "1955"]
[BlackElo "1971"]
[PlyCount "75"]
[EventDate "2011.10.23"]
[EventType "tourn (corr)"]
[EventRounds "6"]
[EventCountry "GER"]
[SourceTitle "Corr 2015"]
[Source "ChessBase"]
[SourceDate "2015.07.17"]
[SourceVersion "1"]
[SourceVersionDate "2015.07.17"]
[SourceQuality "1"]

1. e4 e5 2. Nf3 Nc6 3. d4 exd4 4. Nxd4 Bc5 5. Be3 Qf6 6. c3 Nge7 7. Bc4 Ne5 8. Be2 Qg6 9. 0-0 d6 10. f4 Qxe4 11. Bf2 Bxd4 12. cxd4 N5g6 13. g3 Bh3 14. Bf3 Qf5 15. Re1 d5 16. Qb3 0-0 17. Nc3 Bg4 18. Bxd5 Nxd5 19. Qxd5 Qxd5 20. Nxd5 c6 21. Ne7+ Nxe7 22. Rxe7 b6 23. Rae1 Be6 24. a3 g6 25. Re5 Rfd8 26. Rc7 Rd6 27. Re1 Kf8 28. Be3 Ke8 29. f5 gxf5 30. Bf4 Rxd4 31. Rxc6 Re4 32. Rxe4 fxe4 33. Rc7 Bd7 34. Rb7 Rc8 35. Bc7 b5 36. Rxa7 e3 37. Rb7 Bg4 38. Rb8 1/2-1/2